| 000 | 00668nam a2200205 4500 | ||
|---|---|---|---|
| 001 | 118742 | ||
| 003 | ES-MaACL | ||
| 005 | 20251015063122.0 | ||
| 007 | t| | ||
| 008 | 070214s1977 sp r ||||1| spa d | ||
| 100 | 1 |
_aPiaget, Jean, _d1896-1980 _991738 |
|
| 245 | 1 | 0 |
_aEstudios sociológicos / _cJean Piaget ; traducción de Miguel A. Quintanilla. |
| 260 |
_aBarcelona [etc.] : _bAriel, _c1977. |
||
| 300 |
_a236 p. ; _c20 cm. |
||
| 490 | 1 | _aDemos. Biblioteca de sociología | |
| 700 | 1 |
_aQuintanilla, Miguel A. ( _d1945-) _994700 |
|
| 830 | 0 |
_aDemos. Biblioteca de sociología _9183598 |
|
| 852 |
_aES-MaACL _jA-7814 _bR.96943 |
||
| 999 |
_c118742 _d118742 |
||